[Event "PRO League Group Stage"]
[Site "chess.com INT"]
[Date "2018.01.18"]
[Round "1"]
[White "Smirnov, Anton"]
[Black "Margvelashvili, Giorgi"]
[Result "1-0"]
[WhiteTitle "GM"]
[BlackTitle "GM"]
[WhiteElo "2527"]
[BlackElo "2530"]
[WhiteTeam "Australia Kangaroos"]
[BlackTeam "Seattle Sluggers"]
[WhiteFideId "3208923"]
[BlackFideId "13602926"]
[EventDate "2018.01.18"]

1. d4 Nf6 2. c4 e6 3. Nf3 Bb4+ 4. Nbd2 O-O 5. a3 Be7 6. e3 d5 7. b3 b6 8. Bb2
Bb7 9. Bd3 c5 10. O-O Nc6 11. Qe2 cxd4 12. exd4 Rc8 13. Rac1 Re8 14. c5 a5 15.
Bb5 Nd7 16. Bxc6 Bxc6 17. b4 b5 18. Nb3 axb4 19. axb4 Qc7 20. Ra1 Bd8 21. Ne1
Qb7 22. Nd3 Bc7 23. f4 Nf6 24. Ne5 Ne4 25. Na5 Bxa5 26. Rxa5 Rb8 27. Rfa1 f6 28.
Ra7 Qc8 29. Qh5 Rf8 30. Nxc6 Qxc6 31. R1a6 Qe8 32. Qxe8 Rfxe8 33. g4 h6 34. h4
h5 35. gxh5 Kh7 36. Bc1 f5 37. Kf1 Kh6 38. Ke1 Kxh5 39. Rxg7 Rg8 40. Rxg8 Rxg8
41. Be3 Kg4 42. Ke2 Ng3+ 43. Kd3 Kf3 44. Ra1 Rh8 45. Rc1 Rc8 46. Rc2 Ra8 47. Bc1
Ne4 48. Rb2 Nf2+ 49. Kc2 Rh8 50. Rb3+ Ke4 51. Re3+ Kxd4 52. Rf3 Ne4 53. Bb2+ Kc4
54. Bxh8 1-0

[Event "PRO League Group Stage"]
[Site "chess.com INT"]
[Date "2018.01.18"]
[Round "1"]
[White "Sharafiev, Azat"]
[Black "Tari, Aryan"]
[Result "1/2-1/2"]
[WhiteTitle "IM"]
[BlackTitle "GM"]
[WhiteElo "2432"]
[BlackElo "2599"]
[WhiteTeam "Volga Stormbringers"]
[BlackTeam "Norway Gnomes"]
[WhiteFideId "4186214"]
[BlackFideId "1510045"]
[EventDate "2018.01.18"]

1. Nf3 d5 2. g3 Nc6 3. d4 Bg4 4. Bg2 Qd7 5. h3 Bxf3 6. Bxf3 O-O-O 7. Nc3 Nf6 8.
Bf4 e6 9. Nb5 Ne8 10. c4 Bb4+ 11. Kf1 Kb8 12. a3 Be7 13. cxd5 exd5 14. b4 g5 15.
Be3 Nd6 16. Nc3 Nf5 17. Nxd5 Nxe3+ 18. fxe3 Bd6 19. g4 Ne7 20. Nxe7 Qxe7 21. e4
h5 22. gxh5 Qf6 23. Qd3 Bg3 24. Rd1 Be5 25. Qb5 c6 26. Qc5 Bxd4 27. Qf5 Qxf5 28.
exf5 Bb2 29. Rxd8+ Rxd8 30. a4 Rd1+ 31. Kf2 Rxh1 32. Bxh1 Kc7 33. Kf3 Bg7 34.
Ke3 1/2-1/2

[Event "PRO League Group Stage"]
[Site "chess.com INT"]
[Date "2018.01.18"]
[Round "1"]
[White "Sharafiev, Azat"]
[Black "Abdrlauf, Elham"]
[Result "1-0"]
[WhiteTitle "IM"]
[WhiteElo "2432"]
[BlackElo "2073"]
[WhiteTeam "Volga Stormbringers"]
[BlackTeam "Norway Gnomes"]
[WhiteFideId "4186214"]
[BlackFideId "1533533"]
[EventDate "2018.01.18"]

1. Nf3 Nf6 2. c4 g6 3. g3 Bg7 4. Bg2 O-O 5. O-O c6 6. d4 d5 7. Ne5 dxc4 8. Nxc4
Nbd7 9. Nc3 Nb6 10. Ne5 Nbd5 11. e4 Nxc3 12. bxc3 Nd7 13. Nd3 e5 14. Bb2 exd4
15. cxd4 c5 16. e5 cxd4 17. Bxd4 Nb6 18. Nc5 Qe7 19. Ne4 Be6 20. Bc5 Qc7 21. Bd6
Qc4 22. Bxf8 Rxf8 23. f4 Nd5 24. Nd6 Qc5+ 25. Rf2 Rd8 26. Nxb7 Qb6 27. Rb1 Qe3
28. Nxd8 Nc3 29. Nxe6 fxe6 30. Qe1 1-0

[Event "PRO League Group Stage"]
[Site "chess.com INT"]
[Date "2018.01.18"]
[Round "1"]
[White "Aradhya, Garg"]
[Black "Kunte, Abhijit"]
[Result "0-1"]
[BlackTitle "GM"]
[WhiteElo "2289"]
[BlackElo "2499"]
[WhiteTeam "Delhi Dynamite"]
[BlackTeam "Mumbai Movers"]
[WhiteFideId "25006746"]
[BlackFideId "5002265"]
[EventDate "2018.01.18"]

1. Nf3 Nf6 2. c4 b6 3. Nc3 Bb7 4. d4 e6 5. a3 g6 6. d5 Bg7 7. e4 O-O 8. Bd3 d6
9. O-O Nbd7 10. Re1 c5 11. dxc6 Bxc6 12. Bc2 Qe7 13. Bf4 Ne8 14. Qd2 Rc8 15. h4
Ne5 16. Nxe5 dxe5 17. Bg3 h5 18. Rad1 Bf6 19. Re3 Bxh4 20. Bxe5 Bg5 21. f4 Bh6
22. Rg3 Nf6 23. Bd6 Qb7 24. Bxf8 Rxf8 25. Qd4 Bxf4 26. Rf3 Ng4 27. Rxf4 e5 28.
Qd6 exf4 29. e5 f3 30. gxf3 Bxf3 31. Rd2 Re8 32. Nd5 Bxd5 33. cxd5 Nxe5 34. Rf2
Qc8 35. Ba4 Qg4+ 36. Rg2 Qxa4 37. Qf6 Qd4+ 38. Kh1 Qd1+ 39. Kh2 Ng4+ 40. Rxg4
Qxg4 0-1

[Event "PRO League Group Stage"]
[Site "chess.com INT"]
[Date "2018.01.18"]
[Round "1"]
[White "Aradhya, Garg"]
[Black "Ghosh, Diptayan"]
[Result "0-1"]
[BlackTitle "GM"]
[WhiteElo "2289"]
[BlackElo "2556"]
[WhiteTeam "Delhi Dynamite"]
[BlackTeam "Mumbai Movers"]
[WhiteFideId "25006746"]
[BlackFideId "5045207"]
[EventDate "2018.01.18"]

1. Nf3 Nf6 2. c4 e6 3. Nc3 Bb4 4. Qc2 c5 5. a3 Ba5 6. e4 d6 7. d4 cxd4 8. Nxd4
Bxc3+ 9. Qxc3 Nxe4 10. Qf3 Nf6 11. Bg5 Qa5+ 12. Bd2 Qb6 13. Bc3 e5 14. Nf5 Bxf5
15. Qxf5 Nc6 16. O-O-O Ne7 17. Qd3 Rd8 18. c5 Qxc5 19. Kb1 O-O 20. Bb4 Qb6 21.
Bxd6 Nc8 22. Bxf8 Rxd3 23. Bxd3 Kxf8 24. Rhe1 Qe6 25. Bc2 Nd6 26. f4 e4 27. f5
Qe5 28. g4 Nxg4 29. Bb3 Nf6 30. Re3 Nxf5 31. Rc3 g6 32. Rc8+ Kg7 33. Rdd8 e3 34.
Bd1 e2 35. Bxe2 Qxe2 36. Rf8 Qe4+ 0-1

[Event "PRO League Group Stage"]
[Site "chess.com INT"]
[Date "2018.01.18"]
[Round "1"]
[White "Bitalzadeh, Ali"]
[Black "Cornette, Matthieu"]
[Result "1-0"]
[WhiteTitle "IM"]
[BlackTitle "GM"]
[WhiteElo "2390"]
[BlackElo "2611"]
[WhiteTeam "Amsterdam Mosquitoes"]
[BlackTeam "Cannes Blockbusters"]
[WhiteFideId "1010972"]
[BlackFideId "620084"]
[EventDate "2018.01.18"]

1. c4 e6 2. Nc3 d5 3. cxd5 exd5 4. d4 Bb4 5. Nf3 Ne7 6. Bf4 O-O 7. e3 c6 8. Bd3
Bf5 9. O-O Nd7 10. a3 Ba5 11. Bd6 Bxd3 12. Qxd3 Bc7 13. Bxc7 Qxc7 14. Rac1 Qd6
15. Rfd1 f5 16. b4 b5 17. Na2 Nb6 18. Ne5 Nc4 19. Nxc4 bxc4 20. Qd2 f4 21. Nc3
f3 22. g3 Qe6 23. Qe1 Rf6 24. e4 Rh6 25. Kh1 Rf8 26. Qg1 Rh5 27. Re1 Qf6 28.
exd5 cxd5 29. Rcd1 Nc6 30. g4 Rg5 31. h4 Rg6 32. g5 Qf5 33. b5 Na5 34. Re5 Qc2
35. Nxd5 Rd6 36. Ne7+ Kh8 37. g6 hxg6 38. h5 Rf4 39. Nxg6+ Qxg6 40. Qxg6 Rh4+
41. Kg1 Rxg6+ 42. hxg6 Rg4+ 43. Kh1 Rh4+ 44. Kg1 Rg4+ 45. Kh2 Rxg6 46. Rh5+ Kg8
47. Rg1 Rd6 48. Rhg5 Rd7 49. R1g4 Nb3 50. d5 Nd2 51. Rd4 c3 52. Rg1 Rd6 53. Rdg4
Rh6+ 54. Kg3 Nb3 55. Kf4 c2 56. Rxg7+ Kf8 57. Rg8+ Ke7 58. R1g7+ Kf6 59. Rc7 Nd4
60. Ke3 Nf5+ 61. Kd2 Ke5 62. Rxc2 Kxd5 63. Rd8+ Nd6 64. Rc6 Re6 65. Rdxd6+ Rxd6
66. Rxd6+ Kxd6 67. Ke3 Kc5 68. Kxf3 Kxb5 69. Ke2 Ka4 70. f4 Kxa3 71. f5 a5 72.
f6 a4 73. f7 Kb2 74. f8=Q a3 75. Qb4+ Ka2 76. Kd2 Ka1 77. Qxa3+ Kb1 78. Qb4+ Ka1
79. Kc2 Ka2 80. Qb2# 1-0

[Event "PRO League Group Stage"]
[Site "chess.com INT"]
[Date "2018.01.18"]
[Round "1"]
[White "Bitalzadeh, Ali"]
[Black "Gunina, Valentina"]
[Result "0-1"]
[WhiteTitle "IM"]
[BlackTitle "GM"]
[WhiteElo "2390"]
[BlackElo "2502"]
[WhiteTeam "Amsterdam Mosquitoes"]
[BlackTeam "Cannes Blockbusters"]
[WhiteFideId "1010972"]
[BlackFideId "4167570"]
[EventDate "2018.01.18"]

1. c4 Nf6 2. Nc3 c5 3. Nf3 e6 4. g3 b6 5. Bg2 Bb7 6. O-O Be7 7. e3 d5 8. cxd5
Nxd5 9. d4 Nxc3 10. bxc3 O-O 11. a4 Nd7 12. Re1 Nf6 13. Ne5 Bxg2 14. Kxg2 Qc7
15. Qf3 Rac8 16. Bd2 Rfd8 17. Reb1 Bd6 18. Nc4 Bf8 19. Ne5 Bd6 20. Nc4 Bf8 21.
Ne5 Nd5 22. Ra2 f6 23. Nd3 cxd4 24. exd4 Qc4 25. Rc2 Qxa4 26. Rbc1 Qc4 27. Qe4
Nc7 28. Nb4 a5 29. Nd3 e5 30. f3 Nb5 31. Nb2 Qf7 32. Na4 exd4 33. Nxb6 Rb8 34.
Qc6 Na3 35. Bf4 Nxc2 36. Rxc2 Qb3 37. Qc4+ Qxc4 38. Nxc4 Rbc8 39. Nxa5 Rxc3 40.
Rd2 g5 0-1

[Event "PRO League Group Stage"]
[Site "chess.com INT"]
[Date "2018.01.18"]
[Round "1"]
[White "Sargissian, Gabriel"]
[Black "Smirnov, Anton"]
[Result "0-1"]
[WhiteTitle "GM"]
[BlackTitle "GM"]
[WhiteElo "2677"]
[BlackElo "2527"]
[WhiteTeam "Seattle Sluggers"]
[BlackTeam "Australia Kangaroos"]
[WhiteFideId "13300881"]
[BlackFideId "3208923"]
[EventDate "2018.01.18"]

1. d4 d5 2. c4 c6 3. Nf3 Nf6 4. Nc3 e6 5. Bg5 Nbd7 6. e3 Qa5 7. cxd5 Nxd5 8. Rc1
h6 9. Bh4 Nxc3 10. bxc3 Ba3 11. Rc2 b6 12. Bd3 Ba6 13. O-O Bxd3 14. Qxd3 O-O 15.
c4 Rfe8 16. Bg3 Rad8 17. Qb3 Bf8 18. h3 Nf6 19. Ne5 Rc8 20. Rd1 Qa6 21. a4 c5
22. d5 exd5 23. cxd5 Bd6 24. f4 Ne4 25. Bh2 f6 26. Qc4 Qxc4 27. Nxc4 Rcd8 28. g4
Bc7 29. Kg2 a6 30. Na3 g6 31. Kf3 Kf7 32. h4 Rd7 33. h5 gxh5 34. gxh5 Rde7 35.
Nc4 Nd6 36. Nxd6+ Bxd6 37. Bg1 f5 38. Rb1 Rb7 39. Bf2 Re4 40. Rg1 Be7 41. Rg6 b5
42. d6 c4 43. dxe7 b4 44. Bh4 b3 45. Rcg2 c3 46. Rf6+ Ke8 47. Rg8+ Kd7 48. e8=Q+
Rxe8 49. Rf7+ Kc6 50. Rg6+ Kd5 51. Rxb7 c2 52. Rgg7 Rc8 53. Rgd7+ Kc6 54. Bd8 b2
55. Rxb2 Kxd7 56. Rxc2 Rxc2 57. Bf6 Rh2 58. Bg7 Kc6 59. Bxh6 Rxh5 60. Bg5 Kd5 0-1

[Event "PRO League Group Stage"]
[Site "chess.com INT"]
[Date "2018.01.18"]
[Round "1"]
[White "Sargissian, Gabriel"]
[Black "Morris, James"]
[Result "1-0"]
[WhiteTitle "GM"]
[BlackTitle "IM"]
[WhiteElo "2677"]
[BlackElo "2477"]
[WhiteTeam "Seattle Sluggers"]
[BlackTeam "Australia Kangaroos"]
[WhiteFideId "13300881"]
[BlackFideId "3205800"]
[EventDate "2018.01.18"]

1. d4 Nf6 2. c4 e6 3. Nf3 d5 4. e3 Be7 5. b3 O-O 6. Bb2 b6 7. Bd3 Bb7 8. O-O
Nbd7 9. Nc3 c5 10. Rc1 Rc8 11. cxd5 Nxd5 12. Nxd5 Bxd5 13. Qe2 cxd4 14. Nxd4 Nc5
15. Bb1 Qd7 16. Rfd1 Qb7 17. Qh5 Be4 18. Bxe4 Qxe4 19. Qf3 Bf6 20. Ba3 Qxf3 21.
Nxf3 Be7 22. Kf1 Rfd8 23. Rxd8+ Rxd8 24. Nd4 Kf8 25. Ke2 a5 26. Nc6 Rc8 27. Ne5
Rd8 28. Nc4 Nd7 29. Bb2 Bc5 30. g4 Ke7 31. g5 f6 32. h4 e5 33. f4 exf4 34. exf4
Kf7 35. Rd1 Re8+ 36. Kf3 Nb8 37. f5 Nc6 38. Nd6+ Bxd6 39. Rxd6 Ne5+ 40. Kf4 b5
41. Rd5 Nc6 42. Rxb5 Re2 43. Rb7+ Kf8 44. Ba3+ Kg8 45. Rc7 Rxa2 46. Bd6 Rc2 47.
Rc8+ Kf7 48. Rf8# 1-0

[Event "PRO League Group Stage"]
[Site "chess.com INT"]
[Date "2018.01.18"]
[Round "1"]
[White "Gretarsson, Hjorvar Steinn"]
[Black "Moussard, Jules"]
[Result "1-0"]
[WhiteTitle "GM"]
[BlackTitle "GM"]
[WhiteElo "2565"]
[BlackElo "2571"]
[WhiteTeam "Reykjavik Puffins"]
[BlackTeam "Marseille Migraines"]
[WhiteFideId "2302241"]
[BlackFideId "642908"]
[EventDate "2018.01.18"]

1. d4 Nf6 2. c4 e6 3. Nc3 Bb4 4. Qc2 b6 5. e4 c5 6. d5 Qe7 7. Be2 exd5 8. exd5
O-O 9. Nf3 d6 10. Bg5 h6 11. Bh4 Qe4 12. Qb3 Qg6 13. O-O Bf5 14. Rac1 Re8 15.
Qd1 Bxc3 16. Rxc3 Ne4 17. Re3 Nd7 18. Re1 Ndf6 19. Bd3 Ng5 20. Bxf5 Qxf5 21.
Nxg5 hxg5 22. Bg3 Rxe3 23. Rxe3 Ne4 24. Qe1 Nxg3 25. hxg3 Qf6 26. b3 Kf8 27. Qe2
g6 28. Qe1 Kg7 29. a4 Kf8 30. g4 Kg7 31. g3 Qd4 32. Re4 Qb2 33. Re7 Rf8 34. Qd1
Qf6 35. Rxa7 Re8 36. Kg2 Re4 37. Qf3 Qxf3+ 38. Kxf3 Rd4 39. Ke3 Rxg4 40. Rb7 Rd4
41. Rxb6 Rd1 42. Rxd6 Rb1 43. Rb6 g4 44. a5 Kf8 45. a6 Ke7 46. Kf4 Rb2 47. Ke3
Ra2 48. Rb7+ Kf6 49. a7 Kg7 50. d6 Kf6 51. d7 1-0

[Event "PRO League Group Stage"]
[Site "chess.com INT"]
[Date "2018.01.18"]
[Round "1"]
[White "Gretarsson, Hjorvar Steinn"]
[Black "Vachier-Lagrave, Maxime"]
[Result "1/2-1/2"]
[WhiteTitle "GM"]
[BlackTitle "GM"]
[WhiteElo "2565"]
[BlackElo "2793"]
[WhiteTeam "Reykjavik Puffins"]
[BlackTeam "Marseille Migraines"]
[WhiteFideId "2302241"]
[BlackFideId "623539"]
[EventDate "2018.01.18"]

1. c4 e5 2. g3 Nf6 3. Bg2 d5 4. cxd5 Nxd5 5. Nc3 Nb6 6. Nf3 Nc6 7. d4 exd4 8.
Nb5 a6 9. Nbxd4 Nxd4 10. Qxd4 Qxd4 11. Nxd4 Bc5 12. Nb3 Bd6 13. O-O O-O 14. Na5
c6 15. Be3 Bc7 16. Rac1 Rb8 17. Rfd1 Bg4 18. Kf1 Be6 19. b3 Kh8 20. Bc5 Rfc8 21.
Bd6 Bxd6 22. Rxd6 Kg8 23. f4 Kf8 24. e4 Ke7 25. Rdd1 g6 26. Kf2 Rc7 27. h3 h5
28. Rd2 Rd8 29. Rxd8 Kxd8 30. Ke3 Rd7 31. Rc2 Kc7 32. Rd2 Rxd2 33. Kxd2 Nd7 34.
Kc3 b5 35. a3 c5 36. b4 c4 37. e5 f6 38. Kd4 fxe5+ 39. fxe5 g5 40. h4 gxh4 41.
gxh4 c3 42. Kxc3 Nxe5 43. Nb7 Bg4 44. Nc5 Ng6 45. Nxa6+ Kb6 46. Nc5 Nxh4 47. Be4
Nf3 48. Kd3 h4 49. Ke3 Ng5 50. Kf4 Nxe4 51. Nxe4 Bd7 52. Nc5 Kc7 53. a4 bxa4 54.
Nxa4 Bxa4 55. Kg4 Kb6 56. Kxh4 Kb5 57. Kg5 Kxb4 1/2-1/2

[Event "PRO League Group Stage"]
[Site "chess.com INT"]
[Date "2018.01.18"]
[Round "1"]
[White "Hayrapetyan, Artavazd R."]
[Black "Haldorsen, Benjamin"]
[Result "0-1"]
[WhiteTitle "FM"]
[BlackTitle "FM"]
[WhiteElo "2370"]
[BlackElo "2405"]
[WhiteTeam "Armenia Eagles"]
[BlackTeam "Oslo Trolls"]
[WhiteFideId "13304240"]
[BlackFideId "1512633"]
[EventDate "2018.01.18"]

1. d4 d5 2. c4 dxc4 3. e3 Be6 4. Na3 Nf6 5. Nf3 g6 6. Nxc4 Bg7 7. Be2 O-O 8. O-O
c5 9. b3 Nc6 10. Bb2 Ne4 11. Qb1 cxd4 12. Qxe4 d3 13. Rfd1 Bf5 14. Qh4 e5 15.
Qxd8 Rfxd8 16. Bf1 e4 17. Bxg7 Kxg7 18. Nfd2 b5 19. Nb2 Nb4 20. f3 exf3 21. e4
fxg2 22. exf5 gxf1=Q+ 23. Nxf1 Rac8 24. a3 Nc2 25. Rac1 Nxa3 26. Rxc8 Rxc8 27.
Nxd3 a5 28. fxg6 hxg6 29. Ra1 b4 30. Rc1 Rd8 31. Ne5 Rd5 32. Nc6 a4 33. Rc4 Nxc4
34. bxc4 Rg5+ 35. Kf2 Rf5+ 36. Ke2 Rxf1 37. Nxb4 Rb1 38. Nd5 a3 39. Nc3 Rb2+ 40.
Kd1 a2 41. Nxa2 Rxa2 42. c5 Rxh2 43. c6 Rh5 44. c7 Rc5 45. c8=B Rxc8 0-1

[Event "PRO League Group Stage"]
[Site "chess.com INT"]
[Date "2018.01.18"]
[Round "1"]
[White "Hayrapetyan, Artavazd R."]
[Black "Nilsen, Joachim Birger"]
[Result "1/2-1/2"]
[WhiteTitle "FM"]
[BlackTitle "IM"]
[WhiteElo "2370"]
[BlackElo "2413"]
[WhiteTeam "Armenia Eagles"]
[BlackTeam "Oslo Trolls"]
[WhiteFideId "13304240"]
[BlackFideId "1506331"]
[EventDate "2018.01.18"]

1. d4 Nf6 2. c4 e6 3. Nf3 b6 4. g3 Bb7 5. Bg2 Bb4+ 6. Bd2 a5 7. a3 Bxd2+ 8. Qxd2
O-O 9. O-O d6 10. Nc3 Ne4 11. Nxe4 Bxe4 12. b4 Nd7 13. Rfd1 Qb8 14. d5 e5 15.
Nxe5 Nxe5 16. Bxe4 f5 17. Bd3 Qe8 18. Kg2 Qh5 19. h3 Rae8 20. e3 Qf3+ 21. Kg1
Qh5 22. Kg2 Qf3+ 23. Kg1 Qh5 24. Kg2 Qf3+ 1/2-1/2

[Event "PRO League Group Stage"]
[Site "chess.com INT"]
[Date "2018.01.18"]
[Round "1"]
[White "Tari, Aryan"]
[Black "Dudukin, Ilya"]
[Result "1-0"]
[WhiteTitle "GM"]
[BlackTitle "FM"]
[WhiteElo "2599"]
[BlackElo "2396"]
[WhiteTeam "Norway Gnomes"]
[BlackTeam "Volga Stormbringers"]
[WhiteFideId "1510045"]
[BlackFideId "4148576"]
[EventDate "2018.01.18"]

1. e3 d5 2. Nf3 Nf6 3. c4 c5 4. cxd5 Nxd5 5. Nc3 Nc6 6. Bb5 e6 7. d4 cxd4 8.
exd4 Bb4 9. Bd2 O-O 10. O-O Be7 11. Re1 Bf6 12. Bxc6 bxc6 13. Ne4 Qb6 14. Nxf6+
Nxf6 15. Qc2 a5 16. Rac1 Bb7 17. Qc5 Qa6 18. Ne5 Nd5 19. h4 a4 20. Qa3 Rfd8 21.
h5 h6 22. Qg3 Ne7 23. Qf4 Nf5 24. Be3 Qa5 25. g4 Nd6 26. a3 Qc7 27. Rc5 Ra6 28.
Rec1 Rb6 29. R1c2 Rb5 30. Rd2 Ba8 31. Kh2 Rb3 32. Rdc2 Rb6 33. d5 exd5 34. Rxd5
Ra6 35. Rd1 Qe7 36. Bc5 f5 37. Ng6 Qf7 38. Rxd6 Re8 39. Rcd2 Ra5 40. Rd7 Qe6 41.
Qc7 Qf6 42. Bd4 1-0

[Event "PRO League Group Stage"]
[Site "chess.com INT"]
[Date "2018.01.18"]
[Round "1"]
[White "Tari, Aryan"]
[Black "Grigoriants, Sergey"]
[Result "1/2-1/2"]
[WhiteTitle "GM"]
[BlackTitle "GM"]
[WhiteElo "2599"]
[BlackElo "2568"]
[WhiteTeam "Norway Gnomes"]
[BlackTeam "Volga Stormbringers"]
[WhiteFideId "1510045"]
[BlackFideId "4130804"]
[EventDate "2018.01.18"]

1. c4 e5 2. e3 Nf6 3. Nc3 Nc6 4. g4 h6 5. Bg2 g6 6. d4 exd4 7. exd4 Bg7 8. h3
O-O 9. Nge2 Ne7 10. d5 d6 11. O-O h5 12. f3 c6 13. Be3 cxd5 14. cxd5 b5 15. g5
Nd7 16. Bd4 Nf5 17. Bxg7 Kxg7 18. Qd2 b4 19. Ne4 Ba6 20. Rfe1 Qb6+ 21. Kh2 h4
22. a3 Ne5 23. axb4 Bxe2 24. Qxe2 Nd4 25. Qe3 Qxb4 26. Nxd6 Nexf3+ 27. Bxf3
Qxd6+ 28. Kh1 Nf5 29. Qe5+ Qxe5 30. Rxe5 Rab8 31. Ra2 Rfc8 32. Re1 Rc2 33. Kg1
Rd2 34. Rd1 Nd4 35. Bg4 Rxd1+ 36. Bxd1 Rb5 37. Rxa7 Rxd5 38. Kf2 Rb5 39. Bg4
Rxb2+ 40. Ke3 Nf5+ 41. Bxf5 gxf5 42. Ra6 Rb4 43. Kf3 Rb3+ 44. Kf4 Rxh3 45. Kxf5
Rg3 46. Kf4 Rg1 47. Rh6 Rh1 48. Kg4 Rg1+ 49. Kxh4 Rh1+ 50. Kg4 Rxh6 51. gxh6+
Kxh6 52. Kf5 f6 53. Kxf6 1/2-1/2

[Event "PRO League Group Stage"]
[Site "chess.com INT"]
[Date "2018.01.18"]
[Round "1"]
[White "Shetty, Atulya"]
[Black "Krysa, Leandro"]
[Result "1-0"]
[WhiteTitle "IM"]
[BlackTitle "GM"]
[WhiteElo "2389"]
[BlackElo "2548"]
[WhiteTeam "Pittsburgh Pawngrabbers"]
[BlackTeam "Buenos Aires Krakens"]
[WhiteFideId "2031213"]
[BlackFideId "116807"]
[EventDate "2018.01.18"]

1. c4 Nf6 2. g3 d5 3. cxd5 Nxd5 4. Bg2 c5 5. Nc3 Nc7 6. Nf3 Nc6 7. O-O e5 8. a3
Rb8 9. d3 Be7 10. Bd2 O-O 11. Rb1 f6 12. Ne4 Kh8 13. b4 cxb4 14. axb4 a6 15. Qa4
Nb5 16. Rfc1 Ncd4 17. Nxd4 exd4 18. Nc5 Bxc5 19. bxc5 Bd7 20. c6 bxc6 21. Bxc6
Bxc6 22. Rxc6 Qd5 23. Qxa6 h5 24. Rb6 Rxb6 25. Qxb6 Nc3 26. Bxc3 dxc3 27. Rb5
Qa2 28. Rxh5+ Kg8 29. Rc5 Qxe2 30. Qb3+ Kh7 31. Qxc3 Rb8 32. Qc2 Qe1+ 33. Kg2
Rb1 34. d4+ Kg8 35. Qc4+ Kh7 36. Qc2+ Kg8 37. Rc8+ Kf7 38. Rc7+ Kg8 39. Qc4+ Kh7
40. Kh3 Qe4 41. Qc2 Qxc2 42. Rxc2 Rd1 43. Rc4 Kg6 44. Kg4 Rd2 45. Kf3 Kf5 46.
Rc5+ Ke6 47. Ke3 Rd1 48. Rc6+ Kd5 49. Rc5+ Kd6 50. Ra5 Ke6 51. Ra6+ Kd5 52. Ra7
g5 53. Ra6 f5 54. Rf6 Re1+ 55. Kd2 1-0

[Event "PRO League Group Stage"]
[Site "chess.com INT"]
[Date "2018.01.18"]
[Round "1"]
[White "Shetty, Atulya"]
[Black "Pichot, Alan"]
[Result "1/2-1/2"]
[WhiteTitle "IM"]
[BlackTitle "GM"]
[WhiteElo "2389"]
[BlackElo "2552"]
[WhiteTeam "Pittsburgh Pawngrabbers"]
[BlackTeam "Buenos Aires Krakens"]
[WhiteFideId "2031213"]
[BlackFideId "110973"]
[EventDate "2018.01.18"]

1. c4 Nf6 2. g3 g6 3. Bg2 Bg7 4. Nf3 O-O 5. O-O d6 6. Nc3 Nc6 7. d3 e5 8. b3 h6
9. Bb2 Be6 10. d4 e4 11. d5 exf3 12. exf3 Bd7 13. dxc6 Bxc6 14. f4 Nd7 15. Bxc6
bxc6 16. Qf3 Nc5 17. Rad1 Qd7 18. Rfe1 Rfe8 19. Re3 Rxe3 20. Qxe3 Qf5 21. Rd2 g5
22. fxg5 hxg5 23. Kg2 a5 24. Ne2 Qe4+ 25. Qxe4 Nxe4 26. Rc2 a4 27. Bxg7 axb3 28.
axb3 Kxg7 29. Nc3 Nc5 30. b4 Nd3 31. Ra2 Rxa2 32. Nxa2 Kf6 33. h4 gxh4 34. gxh4
Ne5 35. c5 dxc5 36. bxc5 Nd3 37. Kf3 Kf5 38. Ke3 Nxc5 39. Nb4 Kg4 40. Nxc6 Kxh4
41. Kf4 Kh5 42. Kf5 Nd7 43. Nd8 f6 44. Nc6 Kh6 45. Ke6 Nc5+ 46. Kxf6 Ne4+ 47.
Ke7 Nxf2 48. Kd7 Ne4 49. Kxc7 Nd6 50. Kxd6 1/2-1/2

[Event "PRO League Group Stage"]
[Site "chess.com INT"]
[Date "2018.01.18"]
[Round "1"]
[White "Abrahamyan, Tatev"]
[Black "Breckenridge, Steven"]
[Result "1-0"]
[WhiteTitle "WGM"]
[BlackTitle "FM"]
[WhiteElo "2332"]
[BlackElo "2312"]
[WhiteTeam "San Diego Surfers"]
[BlackTeam "Dallas Destiny"]
[WhiteFideId "13301918"]
[BlackFideId "2043700"]
[EventDate "2018.01.18"]

1. e4 e5 2. Nf3 Nc6 3. Bb5 a6 4. Ba4 Nf6 5. d3 b5 6. Bb3 Bc5 7. Nc3 d6 8. Bg5 h6
9. Bh4 g5 10. Bg3 Bg4 11. h4 Nh5 12. Bd5 Nd4 13. Bxa8 Qxa8 14. hxg5 hxg5 15. Nd5
Kd8 16. c3 Ne6 17. Qd2 Rg8 18. Nh2 Nxg3 19. fxg3 Rh8 20. Nf6 Bh3 21. gxh3 Rxh3
22. Qg2 Rh6 23. Nhg4 Rxh1+ 24. Qxh1 Ke7 25. Qh7 c6 26. O-O-O b4 27. Rf1 Qf8 28.
Qg8 bxc3 29. bxc3 Ba3+ 30. Kc2 Qxg8 31. Nxg8+ Kf8 32. N8h6 Nd8 33. Nxf7 Nxf7 34.
Nh6 Kg7 35. Nxf7 Kg6 36. Nd8 d5 37. Nxc6 dxe4 38. Nxe5+ Kh6 39. dxe4 a5 40. g4
a4 41. c4 Be7 42. Nd7 a3 43. c5 Kg6 44. c6 Bd6 45. Nc5 Bc7 46. Ne6 Be5 47. c7
Bd6 48. c8=Q Be7 49. Qg8+ Kh6 1-0

[Event "PRO League Group Stage"]
[Site "chess.com INT"]
[Date "2018.01.18"]
[Round "1"]
[White "Abrahamyan, Tatev"]
[Black "Sadorra, Julio Catalino"]
[Result "0-1"]
[WhiteTitle "WGM"]
[BlackTitle "GM"]
[WhiteElo "2332"]
[BlackElo "2539"]
[WhiteTeam "San Diego Surfers"]
[BlackTeam "Dallas Destiny"]
[WhiteFideId "13301918"]
[BlackFideId "5201268"]
[EventDate "2018.01.18"]

1. e4 c5 2. Nf3 e6 3. d4 cxd4 4. Nxd4 a6 5. Nc3 Qc7 6. Bd3 Nf6 7. O-O d6 8. Kh1
Nbd7 9. f4 b5 10. Qe2 Bb7 11. Bd2 Be7 12. b4 O-O 13. a4 bxa4 14. Nxa4 d5 15. e5
Ne4 16. Be1 Nb6 17. Nxb6 Qxb6 18. c3 a5 19. bxa5 Rxa5 20. Rxa5 Qxa5 21. f5 Qc7
22. f6 Bc5 23. Nb3 Bb6 24. Qg4 g6 25. Bxe4 dxe4 26. Qg5 Kh8 27. Rf4 Be3 28. Nd4
Qc4 29. h4 Bxf4 30. Qxf4 Qd3 31. h5 e3 32. Nxe6 fxe6 33. f7 Qf5 0-1

[Event "PRO League Group Stage"]
[Site "chess.com INT"]
[Date "2018.01.18"]
[Round "1"]
[White "Thorfinnsson, Bragi"]
[Black "Bacrot, Etienne"]
[Result "1-0"]
[WhiteTitle "IM"]
[BlackTitle "GM"]
[WhiteElo "2426"]
[BlackElo "2722"]
[WhiteTeam "Reykjavik Puffins"]
[BlackTeam "Marseille Migraines"]
[WhiteFideId "2300958"]
[BlackFideId "605506"]
[EventDate "2018.01.18"]

1. d4 Nf6 2. c4 g6 3. Nc3 Bg7 4. e4 d6 5. f4 O-O 6. Nf3 c5 7. d5 e6 8. Be2 exd5
9. cxd5 Bg4 10. O-O Nbd7 11. Re1 Re8 12. h3 Bxf3 13. Bxf3 a6 14. g4 h6 15. h4 b5
16. g5 Nh7 17. e5 dxe5 18. d6 Rb8 19. Nd5 hxg5 20. hxg5 Nhf8 21. Nc7 Ne6 22.
Nxe8 Qxe8 23. a4 Qd8 24. axb5 axb5 25. Bd5 Ndf8 26. fxe5 Nxg5 27. Qg4 Nge6 28.
Ra7 Qb6 29. Rxf7 Kxf7 30. Rf1+ Ke8 31. Bxe6 c4+ 32. Rf2 Rb7 33. Bf7+ Rxf7 34.
Qc8+ Qd8 35. Qxd8+ Kxd8 36. Rxf7 Bxe5 37. Bg5+ Kc8 38. Rxf8+ Kd7 39. Rd8+ Ke6
40. d7 Bxb2 41. Rb8 Kxd7 42. Rxb5 c3 43. Kf1 Kc6 44. Rb8 Kd5 45. Ke2 Ke4 46.
Rb4+ Kf5 47. Rb5+ Kg4 48. Bf6 g5 49. Rxg5+ Kf4 50. Rc5 Ke4 51. Bxc3 1-0